Loading...
| History - World | 0 | 10 | 1 | 1 | 95 | 22 | 82.30 | 4 | 7 | 0.00 | 0.00 |
| History - Other | 0 | 7 | 1 | 0 | 65 | 58 | 82.86 | 5 | 6 | 0.00 | 0.00 |
| Religion | 0 | 6 | 0 | 1 | 60 | 44 | 80.50 | 1 | 5 | 0.00 | 0.00 |
| Social Science | 0 | 6 | 0 | 0 | 60 | 90 | 99.33 | 2 | 3 | 0.00 | 0.00 |
| History - American | 0 | 6 | 1 | 2 | 55 | 53 | 100.83 | 1 | 2 | 0.00 | 0.00 |
| Other | 0 | 5 | 0 | 1 | 50 | 17 | 83.40 | 3 | 3 | 0.00 | 0.00 |
| History - European | 0 | 4 | 0 | 1 | 40 | 106 | 118.00 | 1 | 2 | 0.00 | 0.00 |
| Science - Other | 0 | 4 | 0 | 0 | 40 | 72 | 92.25 | 2 | 4 | 0.00 | 0.00 |
| Mythology | 0 | 3 | 0 | 0 | 30 | 53 | 83.67 | 1 | 3 | 0.00 | 0.00 |
| Science - Physics | 0 | 3 | 1 | 0 | 25 | 66 | 77.00 | 3 | 3 | 0.00 | 0.00 |
| Fine Arts - Other | 0 | 2 | 0 | 0 | 20 | 79 | 97.00 | 1 | 2 | 0.00 | 0.00 |
| Fine Arts - Classical Music | 0 | 1 | 0 | 0 | 10 | 133 | 133.00 | 0 | 0 | 0.00 | 0.00 |
| Science - Chemistry | 0 | 0 | 1 | 0 | -5 | 0.00 | 0 | 0 | 0.00 | 0.00 |